000 02014nam a2200349 4500
003 EC-UNACH
005 20250515164011.0
006 s||||gr|||| 00| 00
008 150116t9999 mx r gr 000 0 spa d
020 _a9789978510322
040 _aEC-UNACH
_cEC-UNACH
041 _aspa
082 0 4 _223
_a300
_bL017778
110 _aCentro Andino de Acción Popular (CAAP)
245 _aEstudios y Análisis. Crónicas de los Andes. Memorias del "Otro"
250 _aPrimera edición
264 _aQuito – Ecuador
_bCAAP
_c2016
300 _a316 páginas
_bTEXTO
_c14,5 X 21 cm
505 _aMemorias Andinas -- El viaje entre iniciación y desarraigo -- El umbral de los mercados -- Beber y emborracharse en los Andes -- Gestos para el olvido: trueque en Guangaje y el mortero Corqueamaya -- Ética y estética del texto textil -- La fuerza, el poder y las palabras -- Representaciones del tiempo -- Simbiosis andina de Espacio y Sociedad -- Convivir con cuyes y castrar un chancho -- El cuerpo, la enfermedad y la cura -- Los yachac de Ilumán -- la mujer / madre en el sistema de salud tradicional -- Mujer y comunidad, matrimonio y vinculo social -- Transformación de la familia y descomunalización de la comunidad -- "Fracasos" de la individualización entre aborto y suicidio. El quichua entre ellos y nosotros -- Un cucavi funerario en Otavalo -- Economía política de la fiesta andina -- Trama del poder en la comunidad y política indígena en Ecuador -- ¿Qué significa ser indígena ( para el indígena) en el siglo XXI? -- La deuda y el "espíritu de la reciprocidad" andina.
650 _aMOVIMIENTO INDÍGENA
650 _aSOCIOLOGÍA RELIGIOSA
650 _aSER CULTURA
650 _aESCENOGRAFÍA
650 _aCORPORALIDAD SEXUADA
650 _aYACHAC
700 _aSánchez Parga, José
942 _2ddc
_c1
999 _c13575